| 000 | 00000ngm 2200000zi 4500 |
| 001 | 9.929947 |
| 003 | CaOODSP |
| 005 | 20250107144059 |
| 006 | m o c f |
| 007 | cr cn |||||||| |
| 008 | 231103s2023 onc018 fo vlsgn d |
| 020 | |a9780660686943 |
| 040 | |aCaOODSP|beng|erda|cCaOODSP |
| 041 | 7|aase|2ISO 639-3 |
| 041 | 0 |peng |
| 043 | |an-cn--- |
| 086 | 1 |aCS11-629/2023-2E-MP4 |
| 245 | 00|aCanadian Survey on Disability : |bfrom 2017 to 2022, American Sign Language. |
| 264 | 1|a[Ottawa] : |bStatistics Canada = Statistique Canada, |c[2023] |
| 300 | |a1 online resource (1 video file (18 min., 25 sec.)) : |bsilent, colour |
| 336 | |atwo dimensional moving image|btdi|2rdacontent |
| 337 | |acomputer|bc|2rdamedia |
| 338 | |aonline resource|bcr|2rdacarrier |
| 500 | |aIssued also in French under title: Enquête canadienne sur l'incapacité : de 2017 à 2022, Langue des signes québécoise. |
| 500 | |aAvailable as streaming video or as downloadable MP4 file. |
| 500 | |aVideo transcript in HTML format provided by publisher. |
| 546 | |aIn American Sign Language; includes captioning in English. |
| 650 | 0|aBarrier-free design|zCanada|vStatistics. |
| 650 | 0|aPeople with disabilities|zCanada|vStatistics. |
| 655 | 7|aInternet videos|2lcgft |
| 655 | 7|aVideo recordings for the hearing impaired|2lcgft |
| 655 | 7|aStatistics|2lcgft |
| 710 | 2 |aStatistics Canada, |eissuing body. |
| 775 | 08|tEnquête canadienne sur l'incapacité : |w(CaOODSP)9.929948 |
| 856 | 40|qMP4|s93.77 MB|uhttps://publications.gc.ca/collections/collection_2024/statcan/11-629-x/CS11-629-2023-2-eng.mp4 |
| 856 | 4 |qHTML|sN/A|uhttps://www.statcan.gc.ca/en/sc/video/canadian-survey-disability-2017-2022 |